Statistics for Famous landmarks - Europe

Click here to take the quiz!

General Stats

  • This quiz has been taken 60 times
  • The average score is 11 of 15

Answer Stats

Answer% Correct
Eiffel Tower
100%
Colosseum
94%
Leaning Tower of Pisa
90%
Stonehenge
88%
Big Ben
87%
Musee du Louvre
85%
Tower Bridge
81%
Brandenburg Gate
71%
Parthenon
67%
Notre Dame
63%
Arc de Triomphe
62%
Sistine Chapel
56%
Buckingham Palace
54%
Hagia Sophia
46%
St. Petersburg
10%

Score Distribution

Percentile by Number Answered

Percent of People with Each Score

Your Score History

You have not taken this quiz